The social transformation of American medicine : the rise of a savereign profession and the making of a vast industry

Αποθηκεύτηκε σε:
Λεπτομέρειες βιβλιογραφικής εγγραφής
Κύριος συγγραφέας: Starr, Paul 1949-
Μορφή: Βιβλίο
Γλώσσα:English
Δημοσίευση: U.S.A : Basic Books, 1982
Θέματα:
Ετικέτες: Προσθήκη ετικέτας
Δεν υπάρχουν, Καταχωρήστε ετικέτα πρώτοι!

MARC

LEADER 00000nam a2200000 i 4500
001 1/43055
008 960215s1982 eng d
020 |a 0-465-07935-0 
035 |l 10025701 
040 |a GR-MY-UA  |b gre  |e aacr 
041 0 |a eng 
082 0 |a 305.9610973 
100 1 |a Starr, Paul  |d 1949- 
245 1 4 |a The social transformation of American medicine :  |b the rise of a savereign profession and the making of a vast industry /  |c Paul Starr 
260 |a U.S.A :   |b Basic Books,   |c 1982 
300 |a 514 p. 
500 |a Includes bibliographical references and index 
650 0 0 |a Medical care  |z United States  |x History. 
650 0 0 |a Social medicine  |z United States  |x History. 
650 0 0 |a Physicians  |z United States  |x History. 
852 |a INST  |b CHIOS  |e 19960215  |h 305.9610973 STA  |p 005200000995  |q 005200000995  |t BK  |y 0 
909 |a Χ  |b 039596